Online
Catalog

Otra visión de la música popular cubana / (Record no. 33632)

MARC details
000 -CABECERA
campo de control de longitud fija 00550nam a2200169 a 4500
001 - NÚMERO DE CONTROL
campo de control 000034141
005 - FECHA Y HORA DE LA ÚLTIMA TRANSACCIÓN
campo de control 20200930070817.0
008 - DATOS DE LONGITUD FIJA--INFORMACIÓN GENERAL
campo de control de longitud fija 110926s2004 cu 000 0 spa d
020 ## - NÚMERO INTERNACIONAL ESTÁNDAR DEL LIBRO
Número Internacional Estándar del Libro 9591008740
040 ## - FUENTE DE LA CATALOGACIÓN
Centro catalogador/agencia de origen DO-SdBNP
Lengua de catalogación spa
Centro/agencia transcriptor BNPHU
049 ## - FONDOS LOCALES (OCLC)
Fondos de biblioteca BNPD
100 1# - ENTRADA PRINCIPAL--NOMBRE DE PERSONA
Nombre de persona Acosta, Leonardo,
Títulos y otros términos asociados al nombre 1933-
9 (RLIN) 59559
245 10 - MENCIÓN DE TÍTULO
Título Otra visión de la música popular cubana /
Mención de responsabilidad, etc. Leonardo Acosta ; Editor Samuel Minski.
260 ## - PUBLICACIÓN, DISTRIBUCIÓN, ETC.
Lugar de publicación, distribución, etc. La Habana :
Nombre del editor, distribuidor, etc. Instituto Cubano del Libro
-- Letras Cubanas,
Fecha de publicación, distribución, etc. 2004
Fabricante Nomos
300 ## - DESCRIPCIÓN FÍSICA
Extensión 275 p. ;
Dimensiones 21 cm.
700 1# - PUNTO DE ACCESO ADICIONAL--NOMBRE DE PERSONA
Nombre de persona Minski, Samuel
9 (RLIN) 59560
Holdings
Estado de retiro Estado de pérdida Restricciones de uso No para préstamo Código de colección Localización permanente Ubicación/localización actual Ubicación en estantería Fecha de adquisición Número de inventario Total de préstamos Signatura topográfica completa Código de barras Fecha visto por última vez Precio válido a partir de Tipo de ítem Koha
      Excluido de préstamo Monografías: Libros y Folletos General General En catalogación 26.09.2011 LF1   34141-10 25.06.2020 25.06.2020 No se presta

Powered by Koha